[Event "Black Sea GP Blitz"]
[Site "Evpatoria"]
[Date "2021.10.30"]
[Round "1"]
[White "Delgado, Nikita"]
[Black "Jary, Sergey"]
[Result "0-1"]
[WhiteElo "1218"]
[BlackElo "2275"]
[PlyCount "54"]
[EventDate "2021.10.30"]
[EventType "swiss (blitz)"]
[EventRounds "13"]
[EventCountry "UKR"]
[SourceTitle "EXT 2023"]
[Source "ChessBase"]
[SourceDate "2022.10.05"]
[SourceVersion "1"]
[SourceVersionDate "2022.10.05"]
[SourceQuality "1"]

1. e4 g6 2. d4 Bg7 3. Nf3 c6 4. Nc3 Na6 5. Bf4 Nc7 6. Qd2 d6 7. 0-0-0 b5 8. a3 a5 9. Be2 b4 10. Nb1 Nf6 11. Bd3 Rb8 12. Rde1 0-0 13. h3 Ne6 14. Bc4 Nxf4 15. Qxf4 Qb6 16. Rd1 bxa3 17. Nxa3 Qxb2+ 18. Kd2 Qxa3 19. Ra1 Qb4+ 20. Kd3 d5 21. exd5 Bf5+ 22. Ke3 Qxc4 23. dxc6 Nd5+ 24. Kd2 Qc3+ 25. Kd1 Nxf4 26. Ne5 Qxc2+ 27. Ke1 Qb1+ 0-1